000 00598nam a22001817a 4500
005 20240827160403.0
010 _aENG-141478
020 _a9788178246420
_c395.00
035 _aEN-125010
037 _bDBAD
082 _a921
_21
100 _aChatterjee, Partha
_970608
245 _aI Am the People:
_bReflections on Popular Sovereignty Today/
_cBy Partha Chatterjee
260 _aRanikhet
_bPermanent Black
_c2020
270 _aHimalayana Mall Road,Ranikhet Cantt,
_bRanikhet
_e263645
_mperblack@gmail.com
300 _a185p.:
_c21cm(pb)
_bIndex
942 _2ddc
_cEN
_h921
_mCHA
_e1
999 _c205316
_d205316